000
00321nam a2200109Ia 4500
008
171211s9999 xx 000 0 und d
245
_a
Io ci sono: La mia storia di «non»
245
_c
Giusi Fasano and Lucia Annibali
260
_c
2014
650
_x
Biography
856
_u
http://down.ebook777.com/059/9788817075244.pdf
999
_c
349985
_d
349985